000 01301nam a2200349 a 4500
001 ebr10218210
003 CaPaEBR
006 m u
007 cr cn|||||||||
008 070216s2006 enk sb 001 0 eng
010 _z 2007270626
015 _aGBA598588
_2bnb
016 7 _z013342617
_2Uk
020 _z0761942688 (hbk.)
020 _z9780761942689 (hbk.)
020 _z0761942696 (pbk.)
020 _z9780761942696 (pbk.)
040 _aCaPaEBR
_cCaPaEBR
035 _a(OCoLC)290534745
050 1 4 _aHM623
_b.O78 2006eb
082 0 4 _a306.071
_222
100 1 _aOswell, David.
245 1 0 _aCulture and society
_h[electronic resource] :
_ban introduction to cultural studies /
_cDavid Oswell.
260 _aLondon ;
_aThousand Oaks, Calif. :
_bSAGE,
_c2006.
300 _a246 p.
504 _aIncludes bibliographical references (p. [226]-237) and index.
533 _aElectronic reproduction.
_bPalo Alto, Calif. :
_cebrary,
_d2013.
_nAvailable via World Wide Web.
_nAccess may be limited to ebrary affiliated libraries.
650 0 _aCulture
_xStudy and teaching.
655 7 _aElectronic books.
_2local
710 2 _aebrary, Inc.
856 4 0 _uhttp://site.ebrary.com/lib/rucke/Doc?id=10218210
_zAn electronic book accessible through the World Wide Web; click to view
999 _c232063
_d232063